The complete Indian cookbook
| Format: | Book |
|---|---|
| Published: |
London :
Tiger Books International ,
1992
|
| Subjects: |
MARC
| LEADER | 00000cam a2200000 7i4500 | ||
|---|---|---|---|
| 001 | 0000001165 | ||
| 002 | 000001286 | ||
| 005 | 20000330.0 | ||
| 020 | |a 185501288X | ||
| 090 | 0 | 0 | |a 641.59291411 |b COM |
| 245 | 0 | 4 | |a The complete Indian cookbook |c edited by Meera Budhar |
| 260 | |a London : |b Tiger Books International , |c 1992 | ||
| 300 | |a 224p. : |b ill. ; |c 29cm. | ||
| 650 | 0 | 0 | |a Cookery, Indian |
| 999 | |a 030283 |b BUKU |c PINJAMAN |e PERPUSTAKAAN KOMUNITI PETALING JAYA | ||